| 000 | 00351nam a2200133Ia 4500 | ||
|---|---|---|---|
| 008 | 220204s9999 xx 000 0 und d | ||
| 082 |
_a630*114 _bREM |
||
| 100 | _aPROGREBNYAK, P S | ||
| 245 | 0 | _aForest soil science | |
| 260 |
_aJerusalem _bIsrael program for Sc Translation _c1969 |
||
| 650 | _aForest soils | ||
| 700 | _aREMEZOV, N P | ||
| 942 | _cBK | ||
| 999 |
_c35559 _d35559 |
||